000
00345 a2200157 4500
001
194658
020
_a
978-85-260-1404-6
040
_c
Magnum
100
_a
Silva, João Carlos Marinho
240
1
0
_a
O gênio do crime
_l
por
245
1
0
_a
O gênio do crime
300
_a
139
362
0
_a
2009
697
_a
LITERATURA JUVENIL
942
_c
BK
999
_c
194658
_d
194658